Statistiche per Forma dei paesi #5

Clicka qui per fare il quiz!

Statistiche generali

  • Questo quiz è stato fatto 2.577 volte
  • Il punteggio medio è 10 su 16

Statistiche sulle risposte

Risposta% Corretto
Marocco
95%
Irlanda
88%
Finlandia
83%
Papua Nuova Guinea
78%
Paesi Bassi
77%
Birmania
72%
Pakistan
66%
Serbia
59%
Tunisia
55%
Yemen
55%
Corea del Sud
53%
Bahamas
50%
Giordania
50%
Estonia
45%
Ecuador
41%
Qatar
30%

Distribuzione punteggi

Percentile per numero di risposta

Percentuale di utenti per punteggio

I tuoi punteggi nel tempo

Non hai fatto questo quiz